000
00326nam a22001457a 4500
020
_a
81-8482-026-7
082
_a
823
_b
PAI, C
100
_a
PAI, ANANT
245
_a
CHAND BIBI
260
_a
MUMBAI
_b
AMAR CHITHRA KATHA
300
_a
32
520
_a
ENGLISH SHORT STORY
650
_a
ENGLISH SHORT STORY
_z
MUMBAI
942
_c
BK
999
_c
5321
_d
5321